[Event "Santa Fe Litoral op"]
[Site "Santa Fe"]
[Date "2024.10.11"]
[Round "4"]
[White "Diaz Castro, Luis Enrique"]
[Black "Esquivel, Francisco"]
[Result "1-0"]
[WhiteElo "1602"]
[BlackElo "1565"]
[PlyCount "75"]
[EventDate "2024.10.11"]
[EventType "swiss"]
[EventRounds "6"]
[EventCountry "ARG"]
[SourceTitle "CB43_2024"]
[Source "Chessbase"]
[SourceDate "2024.10.23"]
[SourceVersion "1"]
[SourceVersionDate "2024.10.23"]
[SourceQuality "1"]

1. d4 Nf6 2. Bg5 e6 3. e3 Be7 4. Bd3 h6 5. Bh4 0-0 6. f4 c5 7. c3 b6 8. Nf3 Bb7 9. Nbd2 Nd5 10. Bxe7 Qxe7 11. Qe2 Nc6 12. 0-0 cxd4 13. Nxd4 Rac8 14. Rae1 Nxd4 15. exd4 f5 16. a3 Qd6 17. Qe5 Qc6 18. Qe2 Qd6 19. Qf2 Nf6 20. Nc4 Qd5 21. Ne5 Ng4 22. Nxg4 fxg4 23. Be4 Qd6 24. Bxb7 Rc7 25. Be4 g5 26. f5 exf5 27. Bxf5 Rcc8 28. Qe2 h5 29. Qe7 Qh6 30. Bxd7 Rxf1+ 31. Rxf1 Rb8 32. Qe6+ Qxe6 33. Bxe6+ Kg7 34. Rf7+ Kh6 35. Bf5 Rh8 36. d5 h4 37. g3 hxg3 38. hxg3 1-0